00619 2200241 4500001002100000005001500021035002000036245006500056100001900121250000600140300003500146700001500181260003100196082001300227084001900240020002200259650001100281990001700292990001700309990001700326990001700343990001700360INLIS00000000000001520180723092121 a0010-07180000151 aMengenal Shalat Iedain /cFitri Pujianti; Editor, Deja Zikri0 aFitri Pujianti a- aiv, 66 hlm. :bilus. ;c25 cm.0 aDeja Zikri aJakarta :bPT MAPAN,c2009 a297.3822 a297.3822 FIT m a978-602-8262-61-3 aShalat a00049/P/2018 a00050/P/2018 a00051/P/2018 a00052/P/2018 a00053/P/2018